000 00829cab a2200241 4500
001 WB2945-03
008 090401t1993 xxu||||| |||| 00| 0 eng d
035 _a(Sirsi) u34708
041 _aeng
245 _aTougher regulation of `on demand bonds` urged
260 _c1993
350 _a0
490 _aRICS Press Release
_v(PR232.93) 29 November 1993, (2)
520 _aThe RICS calls for tougher controls of `on-demand` performance bonds following a Government decision to discourage use of such bonds in future government contracts.
650 _aBUILT ENVIRONMENT-BUILDING CONTRACT FORMS
650 _aGOVERNMENT CONTRACTS
650 _aON DEMAND PERFORMANCE BONDS
650 _aPERFORMANCE BONDS
650 _aRICS
690 _aBUILT ENVIRONMENT-BUILDING CONTRACT FORMS
942 _n0
948 _c04/03/1997
999 _c22941
_d22941